000 00300nam a2200133Ia 4500
100 _aPatel /Pandya
942 _cBK
654 _aHydraulics
245 _aElements of Hydraulics & Hydraulic Machinery
260 _bAcharya Book Depot
_c2001
082 _a532
300 _a691
546 _aENGLISH
999 _c26518
_d26518